UBT Library

NEW ALGORITHMS ARCHITECTURES (Record no. 58637)

000 -LEADER
fixed length control field 00319nam a22001457a 4500
008 - FIXED-LENGTH DATA ELEMENTS--GENERAL INFORMATION
fixed length control field 221021b ||||| |||| 00| 0 eng d
020 ## - INTERNATIONAL STANDARD BOOK NUMBER
International Standard Book Number x001c9k0ib
041 ## - LANGUAGE CODE
Language code of text/sound track or separate title eng
080 ## - UNIVERSAL DECIMAL CLASSIFICATION NUMBER
Universal Decimal Classification number 72
082 ## - DEWEY DECIMAL CLASSIFICATION NUMBER
Classification number 72 LYS
100 ## - Rafti
Rafti 19.1
101 ## - Shkurtesa
Shkurtesa ART
245 ## - TITLE STATEMENT
Title NEW ALGORITHMS ARCHITECTURES
Statement of responsibility, etc LYSAGHT P
942 ## - ADDED ENTRY ELEMENTS (KOHA)
Source of classification or shelving scheme
Item type Books
Holdings
Withdrawn status Lost status Source of classification or shelving scheme Damaged status Not for loan Collection code Permanent location Current location Date acquired Total Checkouts Full call number Barcode Date last seen Price effective from Koha item type
          Koleksioni i përgjithshem UBT - Lipjan UBT - Lipjan 10/21/2022   72 LYS 002-800028700260280 10/21/2022 10/21/2022 Books
          Koleksioni i përgjithshem UBT - Lipjan UBT - Lipjan 10/21/2022   72 LEY 002-800028700260281 10/21/2022 10/21/2022 Books
UBT Library © 2015-2024. All rights reserved University Education for Business and Technology